000
00316nam a22001337a 4500
008
250310b |||||||| |||| 00| 0 eng d
020
_a
978-93-534-3957-6
100
_a
P P A Kumar
245
_a
Introduction to Smart Cities
260
_a
Noida
_b
Pearson
_c
2025
300
_a
362
650
_a
CSE
942
_2
ddc
_c
BK
999
_c
21292
_d
21292